LEADER 01154nam a2200289 a 4500 001 000000150916 003 CaOOAMICUS 005 20160401114241.0 008 160401s1996 it u000 u ita r 032 $aLibriCat 040 $aPUL$bita 245 00$aInferno / $ca cura di Eugenio Bruno S.I. e Ezio Alberione. 260 $aMilano :$bSan Fedele,$cŠ1996. 300 $a159 p. ;$c24 cm. 500 $aIn cofanetto. 580 $aPubblicato con "Purgatorio" ; "Paradiso". 650 4$aInferno.$0(OLS)http://pul/subject/12263 700 1 $aBruno, Eugenio,$cS.I.$0(OLS)http://pul/name/96036 700 1 $aAlberione, Ezio,$d1965-$0(OLS)http://pul/name/70497 777 0 $tPurgatorio / .$dMilano : San Fedele, Š1996.$w()150917 777 0 $tParadiso / .$dMilano : San Fedele, Š1996.$w()150918 850 $aPUL 852 $aPUL$W1$xDP1 Cons. Gen., Altre Classi 1$y22$m699 E 34$j173316$qStampati$B175526$CPULBib$Z2$F175526 $H80062 $81 941 1 $a8 996 $6245$aInferno / $9(OLS)http://pul/title/190100 996 $6260$aMilano :$bSan Fedele$9(OLS)http://pul/publisher/84802 LEADER 01534nam a2200277 u 4500 001 000000115281 003 CaOOAMICUS 005 20090415105616.0 008 090415s2003 it u000 u ita r 020 $a88-348-3355-4 040 $aPUL$bita$dLDB 245 00$aItinerari culturali del diritto canonico nel Novecento :$batti dei Seminari di diritto canonico presso la Facoltā di Giurisprudenza di Urbino /$cC. Cardia ... [et al.] ; a cura di Carlo Fantappič. 260 $aTorino :$bGiappichelli,$cc2003. 300 $a274 p. ;$c23 cm 490 1 $aCollana di studi di diritto canonico ed ecclesiastico.$aSezione canonistica ;$v35 504 $aComprende indicazioni bibliografiche in nota. 650 4$aDiritto canonico$ySec. XX.$0(OLS)http://pul/subject/35267 700 1 $aCardia, Carlo.$0(OLS)http://pul/name/7644 700 1 $aFantappič, Carlo,$d1953-$0(OLS)http://pul/name/26617 830 0$aCollana di studi di diritto canonico ed ecclesiastico.$pSezione canonistica ;$v35.$0(OLS)http://pul/title/11570 850 $aPUL 852 $aPUL$W1$xSL Diritto Canonico 3$y77$m262. 99 CAN.7 1.1.35$j132028$qDDC 21$B131009$CPULBib$Z2$F131009 $H110095 $82 941 1 $a9 996 $6020$a88-348-3355-4$9(OLS)http://pul/number/140327 996 $6245$aItinerari culturali del diritto canonico nel Novecento :$batti dei Seminari di diritto canonico presso la Facoltā di Giurisprudenza di Urbino$9(OLS)http://pul/title/144870 996 $6260$aTorino :$bGiappichelli$9(OLS)http://pul/publisher/48244